The devil you know

Bewaard in:
Bibliografische gegevens
Hoofdauteur: Kerry Daynes
Formaat: Boek
Taal:English
Gepubliceerd in: Hodder & Stoughton General Division, 2011
Tags: Voeg label toe
Geen labels, Wees de eerste die dit record labelt!
LEADER 00658cam a22001817a 4500
001 (Sirsi) a64433
005 20190330145106.0
008 160717n2011 xx |||||||||||000|0|eng|d
020 |a 9781444714272 
040 |a SMLIBRARY  |b eng  |c SMLIBRARY  |e AACR2 
100 1 |a Kerry Daynes 
245 1 |a The devil you know 
260 |a Hodder & Stoughton General Division,   |c 2011 
903 |a SMLNEWITEM 
904 |a 1 
942 |2 ddc  |c BOOK 
952 |0 0  |1 0  |2 ddc  |4 0  |6 616_858000000000000_DAY  |7 0  |8 ADULT | ANFIC | DONATED  |9 20097  |a SMLIBRARY  |b SMLIBRARY  |c ADULT  |d 2016-07-17  |g 50.00  |l 0  |o 616.858 DAY  |p BK10054558F  |r 2019-03-30 00:00:00  |t 1  |v 50.00  |w 2019-06-25  |y ADULTBOOK 
999 |c 17283  |d 17283